Tingkah gila beroleh pahala : (Record no. 62084)

MARC details
000 -LEADER
fixed length control field 00599cam a22002171a 4500
001 - CONTROL NUMBER
control field sa 65001524
003 - CONTROL NUMBER IDENTIFIER
control field DLC
005 - DATE AND TIME OF LATEST TRANSACTION
control field 20260227112109.0
008 - FIXED-LENGTH DATA ELEMENTS--GENERAL INFORMATION
fixed length control field 950414q19601969io 000 1 ind
010 ## - LIBRARY OF CONGRESS CONTROL NUMBER
LC control number sa 65001524
025 ## - OVERSEAS ACQUISITION NUMBER
Overseas acquisition number PL480:Indo-1306
035 ## - SYSTEM CONTROL NUMBER
System control number (OCoLC)32306088
040 ## - CATALOGING SOURCE
Original cataloging agency DLC
Transcribing agency WU
Modifying agency DLC
042 ## - AUTHENTICATION CODE
Authentication code premarc
050 00 - LIBRARY OF CONGRESS CALL NUMBER
Classification number PL5089.S83
Item number T5
100 0# - MAIN ENTRY--PERSONAL NAME
Personal name Sutojo M. D.
245 10 - TITLE STATEMENT
Title Tingkah gila beroleh pahala :
Remainder of title kisah² djenaka Abunawas /
Statement of responsibility, etc. [oleh] Sutojo M.D.
260 ## - PUBLICATION, DISTRIBUTION, ETC.
Place of publication, distribution, etc. Tasikmalaja :
Name of publisher, distributor, etc. Swandjaja,
Date of publication, distribution, etc. [196-?]
300 ## - PHYSICAL DESCRIPTION
Extent 46 p. :
Other physical details ill. ;
Dimensions 16 cm.
440 #0 - SERIES STATEMENT/ADDED ENTRY--TITLE
Title Buku saku ABC

No items available.

Powered by Koha